| 000 | 00676nam a22002057a 4500 | ||
|---|---|---|---|
| 999 |
_c14574 _d14574 |
||
| 003 | AR-CdUCM | ||
| 008 | 190409b ||||| |||| 00| 0 spa d | ||
| 020 | _a978-1-4748-5014-8 | ||
| 040 |
_aMUNICIPALIDAD PROVINCIAL DEL CUSCO _cBIBLIOTECA MUNICIPAL DEL CUSCO |
||
| 082 |
_aPI / 808.06 / _bC64 |
||
| 110 |
_aParragon. _933402 |
||
| 245 |
_aCírculos, Cuadrados, Estrellas : _bCalcomanías y dibujos / |
||
| 260 |
_aChina : _bParragon, _c2016. |
||
| 300 | _c27 cm. | ||
| 500 | _aPequeños que aprenden grandes cosas. | ||
| 505 | _aContenido :Círculos, cuadrados y estrellas... | ||
| 650 |
_aFiguras geométricas _920967 |
||
| 942 |
_2ddc _cLIBROS |
||
| 945 |
_arum _d2019-04-23 |
||